• 首页
  • 本馆介绍
  • 公告通知
  • 最新文献
  • 馆藏检索
  • 电子资源
  • 读者导购
  • 参考咨询
  • 我的图书馆
  • 登录
  • 详细信息显示
  • 放入我的书架
  • 预约/预借图书
  • 作者相关作品
  • 分类相关作品
  • 丛书相关作品
  • 出版社相关作品

书目信息

  • 表格格式
  • 工作单格式
  • 卡片格式
书名: The mind tool
作者: Neill Graham.
分册号:
分册名:
出版地: St. Paul :
 
出版社: West Pub. Co
出版时间: c1989.
页数: xvi, 474, [27] p. :
开本: 26 cm.
丛书名:
中图分类号:
科图分类号:
其他分类号: TP399
主题词:
电子资源:
000 00902pam a2200277 a 450
005 20070516102213.42
008 881108s1989 mnua 001 0 eng
010    @a88033759
020    @a0314476083 (soft : alk. paper).
020    @a0314470298 (hard).
035    @A(DLC) 88033759
040    @aDLC@beng@cDLC@dDLC
050 00 @aQA76@b.G672 1989b
082 00 @a004@2 19
090    @aTP399
099    @dTP399@ex182=5
100 1  @aGraham, Neill,@d1941-
245 14 @aThe mind tool :@bcomputers and their impact on society / @cNeill Graham.
250    @a5th ed., language-free.
260    @aSt. Paul :@bWest Pub. Co.,@cc1989.
300    @axvi, 474, [27] p. :@bcol. ill. ;@c26 cm.
500    @aIncludes index.
650  0 @aComputers and civilization.
650  0 @aComputers.
906    @a7@bcbc@corignew@d1@eocip@f19@gy-gencatlg
991    @bc-GenColl@hQA76@i.G672 1989b@p00005451085@tCopy 1@wBOOKS
    
    The mind tool : : computers and their impact on society / / Neill Graham.-5th ed., language-free.-St. Paul : : West Pub. Co., , c1989.
    xvi, 474, [27] p. : : col. ill. ; ; 26 cm.
    Includes index.
    
    ISBN 0314476083 (soft : alk. paper).
    
●
相关链接 在E读中查询图书 在五车中查询图书 在当当中查询图书 在豆瓣中查询图书


正题名:mind tool     索取号:TP399/x182=5         预约/预借

序号 登录号 条形码 馆藏地/架位号 状态 备注
1 9833   300098338   第二样本阅览室/ [索取号:TP399/x182=5] 在馆    
唐山师范学院图书馆 欢迎您!
大连网信软件有限公司© 版权所有